[Event "Juste pour jouer"]
[Site "Montreal CAN"]
[Date "2012.10.08"]
[Round "6"]
[White "Luo, Muhan"]
[Black "Labadie, Bernard"]
[Result "1-0"]
[WhiteElo "1447"]
[BlackElo "1290"]
[PlyCount "41"]
[GameId "2160767909444931"]
[EventDate "2012.10.05"]
[EventType "swiss"]
[EventRounds "7"]
[EventCountry "CAN"]
[SourceTitle "EXT 2022"]
[Source "ChessBase"]
[SourceDate "2021.10.06"]
[SourceVersion "1"]
[SourceVersionDate "2021.10.06"]
[SourceQuality "1"]

1. d4 Nf6 2. c4 e5 3. e3 exd4 4. exd4 Be7 5. Nf3 d5 6. Nc3 c6 7. a3 h6 8. Be2 dxc4 9. Bxc4 O-O 10. O-O Re8 11. Qb3 Rf8 12. Ne5 Kh7 13. Be3 Nd5 14. Nxd5 cxd5 15. Bxd5 f6 16. Be4+ f5 17. Bxb7 Bxb7 18. Qxb7 f4 19. Qxa8 fxe3 20. Qe4+ Kg8 21. fxe3 1-0

[Event "Juste pour jouer"]
[Site "Montreal CAN"]
[Date "2012.10.08"]
[Round "6"]
[White "Montreuil, Carl"]
[Black "Tinica, Sabina"]
[Result "1-0"]
[WhiteElo "1211"]
[BlackElo "1099"]
[PlyCount "161"]
[GameId "2160767909444932"]
[EventDate "2012.10.05"]
[EventType "swiss"]
[EventRounds "7"]
[EventCountry "CAN"]
[SourceTitle "EXT 2022"]
[Source "ChessBase"]
[SourceDate "2021.10.06"]
[SourceVersion "1"]
[SourceVersionDate "2021.10.06"]
[SourceQuality "1"]

1. e4 c5 2. f4 d6 3. Nf3 Nf6 4. d3 Nc6 5. Be2 g6 6. Nc3 Bg7 7. O-O O-O 8. Rb1 b6 9. Qe1 Re8 10. Bd1 e6 11. a3 Qc7 12. Ne2 Bd7 13. Ng3 e5 14. f5 Ne7 15. Nh4 h6 16. Be3 g5 17. Nf3 Bc6 18. c4 b5 19. Qd2 Bd7 20. h3 Nc6 21. Nh2 bxc4 22. h4 Qa5 23. Qf2 Nd4 24. Bd2 Qb6 25. hxg5 hxg5 26. Bxg5 cxd3 27. Bxf6 Bxf6 28. Nh5 Bg5 29. f6 c4 30. Kh1 Ne2 31. Qe1 Qe3 32. Bxe2 Qxe2 33. Qxe2 dxe2 34. Rf2 e1=Q+ 35. Rxe1 Bh4 36. g3 Bg5 37. Rc2 Be6 38. Ng7 Rec8 39. Nxe6 fxe6 40. Ng4 Kf7 41. Rf1 Rh8+ 42. Kg2 Rac8 43. Rh1 Rxh1 44. Kxh1 Bxf6 45. Rf2 Rf8 46. Rxf6+ Kg7 47. Rxe6 Rf1+ 48. Kg2 Rd1 49. Re7+ Kf8 50. Rxa7 Rd2+ 51. Kf3 Rxb2 52. Ne3 c3 53. Rc7 Rb3 54. a4 Ra3 55. Rc4 Kf7 56. Kg4 Ke6 57. Nd5 c2 58. Rxc2 Rxa4 59. Re2 Rd4 60. Kg5 Rd3 61. g4 Rg3 62. Re3 Rg2 63. Kh5 Rh2+ 64. Kg6 Rh4 65. g5 Rg4 66. Kh6 Kf7 67. Rf3+ Ke6 68. Re3 Kf7 69. Nf6 Rg2 70. Rf3 Rh2+ 71. Nh5+ Ke7 72. g6 Rg2 73. Rg3 Rc2 74. g7 Rc8 75. g8=Q Rxg8 76. Rxg8 Kd7 77. Nf6+ Kc6 78. Rc8+ Kb7 79. Rc1 Kb6 80. Kg6 Kb5 81. Kf7 1-0

[Event "Juste pour jouer"]
[Site "Montreal CAN"]
[Date "2012.10.08"]
[Round "6"]
[White "Ouellet, Maili-Jade"]
[Black "Bureau, Robert"]
[Result "0-1"]
[WhiteElo "1351"]
[BlackElo "1357"]
[PlyCount "70"]
[GameId "2160767909444933"]
[EventDate "2012.10.05"]
[EventType "swiss"]
[EventRounds "7"]
[EventCountry "CAN"]
[SourceTitle "EXT 2022"]
[Source "ChessBase"]
[SourceDate "2021.10.06"]
[SourceVersion "1"]
[SourceVersionDate "2021.10.06"]
[SourceQuality "1"]

1. d4 Nf6 2. c4 e6 3. Nc3 d5 4. Bg5 Be7 5. e3 c6 6. Nf3 Nbd7 7. cxd5 exd5 8. Bd3 h6 9. Bh4 b5 10. a3 Bb7 11. Qc2 a6 12. h3 O-O 13. O-O-O c5 14. Kb1 b4 15. axb4 cxb4 16. Na2 Qb6 17. Nc1 Rfc8 18. Qe2 a5 19. g4 a4 20. Ne5 Rc7 21. g5 Ne4 22. Bxe4 dxe4 23. gxh6 Qxh6 24. Bxe7 Nxe5 25. Bxb4 Ba6 26. Qd2 Nf3 27. Qc2 Rxc2 28. Kxc2 Qc6+ 29. Kb1 Rc8 30. d5 Qc4 31. Bc3 a3 32. d6 axb2 33. Bxb2 Qc2+ 34. Ka1 Nd2 35. Rhg1 Qb1# 0-1

[Event "Juste pour jouer"]
[Site "Montreal CAN"]
[Date "2012.10.08"]
[Round "6"]
[White "Poulin, Marc"]
[Black "Brule, Daniel"]
[Result "0-1"]
[WhiteElo "1117"]
[BlackElo "1538"]
[PlyCount "51"]
[GameId "2160767909444934"]
[EventDate "2012.10.05"]
[EventType "swiss"]
[EventRounds "7"]
[EventCountry "CAN"]
[SourceTitle "EXT 2022"]
[Source "ChessBase"]
[SourceDate "2021.10.06"]
[SourceVersion "1"]
[SourceVersionDate "2021.10.06"]
[SourceQuality "1"]

1. d4 g6 2. Nf3 d5 3. c4 c6 4. cxd5 cxd5 5. Nc3 Nf6 6. Bf4 Qa5 7. a3 Ne4 8. Qa4+ Qxa4 9. Nxa4 b5 10. Nc3 Nxc3 11. bxc3 Nc6 12. e3 a6 13. Be2 Bg7 14. O-O O-O 15. Nd2 e5 16. Bg3 e4 17. f3 exf3 18. Bxf3 Be6 19. e4 dxe4 20. Bxe4 Rac8 21. Nb3 Bxb3 22. Bxc6 Rxc6 23. Rac1 Rxc3 24. Rxc3 Bxd4+ 25. Kh1 Bxc3 26. Rc1 0-1

[Event "Juste pour jouer"]
[Site "Montreal CAN"]
[Date "2012.10.08"]
[Round "6"]
[White "Rodrigue-Lemieux, Shawn"]
[Black "Lemieux, Serge"]
[Result "0-1"]
[WhiteElo "1138"]
[BlackElo "1589"]
[PlyCount "102"]
[GameId "2160767909444935"]
[EventDate "2012.10.05"]
[EventType "swiss"]
[EventRounds "7"]
[EventCountry "CAN"]
[SourceTitle "EXT 2022"]
[Source "ChessBase"]
[SourceDate "2021.10.06"]
[SourceVersion "1"]
[SourceVersionDate "2021.10.06"]
[SourceQuality "1"]

1. e4 e6 2. d4 d5 3. Nc3 Nf6 4. e5 Nfd7 5. f4 c5 6. Nf3 Nc6 7. Be3 Qb6 8. Rb1 Be7 9. Be2 O-O 10. g4 cxd4 11. Nxd4 Nxd4 12. Bxd4 Bc5 13. Bxc5 Qxc5 14. Qd3 f6 15. exf6 Rxf6 16. Rf1 a6 17. g5 Rf7 18. h4 Qc7 19. Qe3 Nf8 20. h5 g6 21. Rf2 Bd7 22. Kd2 b5 23. Rh1 Bc6 24. Rh4 d4 25. Qh3 dxc3+ 26. bxc3 Be4 27. hxg6 Bxg6 28. Bh5 Qd6+ 29. Kc1 Bxh5 30. Rxh5 Qa3+ 31. Kb1 Rd8 32. Rf1 Rxf4 33. Rg1 Qc5 34. Rh1 Qf5 35. Qg2 Qg4 36. Qb7 Rd1+ 37. Kb2 Rxh1 38. Rxh1 b4 39. Qxa6 bxc3+ 40. Kxc3 Qf3+ 41. Kb2 Qxh1 42. a4 Rb4+ 43. Kc3 Qe1+ 44. Kd3 Qf1+ 45. Kc3 Qxa6 46. Kxb4 Nd7 47. c4 Qb6+ 48. Ka3 Nc5 49. Ka2 Nd3 50. Ka3 Qb4+ 51. Ka2 Qb2# 0-1

[Event "Juste pour jouer"]
[Site "Montreal CAN"]
[Date "2012.10.08"]
[Round "6"]
[White "Serban, Diana"]
[Black "Yip, William"]
[Result "0-1"]
[WhiteElo "1119"]
[BlackElo "1629"]
[PlyCount "122"]
[GameId "2160767909444936"]
[EventDate "2012.10.05"]
[EventType "swiss"]
[EventRounds "7"]
[EventCountry "CAN"]
[SourceTitle "EXT 2022"]
[Source "ChessBase"]
[SourceDate "2021.10.06"]
[SourceVersion "1"]
[SourceVersionDate "2021.10.06"]
[SourceQuality "1"]

1. d4 d5 2. c4 e6 3. Nf3 c6 4. Bf4 dxc4 5. a4 a5 6. e4 b5 7. axb5 cxb5 8. Nc3 Bb4 9. Qc2 Bb7 10. Bd2 Bxc3 11. Qxc3 Nf6 12. Bg5 Nxe4 13. Bxd8 Nxc3 14. Rxa5 Kxd8 15. Rxa8 Bxa8 16. bxc3 Nd7 17. Be2 Ke7 18. O-O Rb8 19. Rb1 f6 20. Nd2 Bd5 21. Nf1 f5 22. Ne3 Kd6 23. Nc2 Be4 24. Rb2 Bxc2 25. Rxc2 Nf6 26. Rb2 Kc7 27. Kf1 Nd5 28. Rc2 Ra8 29. Bf3 Ra3 30. Bxd5 exd5 31. Ke2 Kc6 32. f3 Kb6 33. Kf2 Ka5 34. Kg3 g6 35. Kf4 b4 36. cxb4+ Kxb4 37. Ke5 Kb3 38. Rc1 Kb2 39. Rd1 c3 40. Rf1 Ra5 41. Kf4 c2 42. Rf2 Kb1 43. Rf1+ c1=Q+ 44. Rxc1+ Kxc1 45. g4 fxg4 46. fxg4 Kd2 47. h4 Kd3 48. Ke5 Ra4 49. Kxd5 Rxd4+ 50. Ke5 Rxg4 51. Kf6 Rxh4 52. Kg5 Rh5+ 53. Kg4 Ke4 54. Kg3 Rg5+ 55. Kh4 Kf4 56. Kh3 Rg4 57. Kh2 Kf3 58. Kh3 h6 59. Kh2 Kf2 60. Kh3 Rb4 61. Kh2 Rh4# 0-1

[Event "Juste pour jouer"]
[Site "Montreal CAN"]
[Date "2012.10.08"]
[Round "6"]
[White "Spaulding, Derrick"]
[Black "Wang, Kelly"]
[Result "0-1"]
[WhiteElo "1396"]
[BlackElo "1683"]
[PlyCount "78"]
[GameId "2160767909444937"]
[EventDate "2012.10.05"]
[EventType "swiss"]
[EventRounds "7"]
[EventCountry "CAN"]
[SourceTitle "EXT 2022"]
[Source "ChessBase"]
[SourceDate "2021.10.06"]
[SourceVersion "1"]
[SourceVersionDate "2021.10.06"]
[SourceQuality "1"]

1. d4 d5 2. Nf3 Bg4 3. e3 Nf6 4. Be2 Nbd7 5. Nc3 e6 6. O-O c5 7. h3 Bh5 8. b3 Bxf3 9. Bxf3 cxd4 10. Qxd4 Bc5 11. Qf4 Nf8 12. e4 Ng6 13. Qd2 d4 14. Na4 Bd6 15. Re1 e5 16. Nb2 Qe7 17. Qd3 O-O 18. c3 dxc3 19. Nc4 Bc5 20. Be3 Bxe3 21. Nxe3 Rac8 22. Rac1 Rfd8 23. Qb1 Nf4 24. Red1 Rxd1+ 25. Rxd1 g6 26. Qc2 b5 27. a4 b4 28. h4 Rd8 29. g3 Ne6 30. Qc1 Nd4 31. Kg2 Nxb3 32. Rxd8+ Qxd8 33. Qb1 Nd4 34. Qxb4 Nxf3 35. Kxf3 Qd4 36. Nc2 Qd1+ 37. Kg2 Qxc2 38. Qb8+ Kg7 39. Qxe5 Qxe4+ 0-1

[Event "Juste pour jouer"]
[Site "Montreal CAN"]
[Date "2012.10.08"]
[Round "6"]
[White "Tinica, Gabriel"]
[Black "Bond, Yvon"]
[Result "0-1"]
[WhiteElo "958"]
[BlackElo "1428"]
[PlyCount "70"]
[GameId "2160767909444938"]
[EventDate "2012.10.05"]
[EventType "swiss"]
[EventRounds "7"]
[EventCountry "CAN"]
[SourceTitle "EXT 2022"]
[Source "ChessBase"]
[SourceDate "2021.10.06"]
[SourceVersion "1"]
[SourceVersionDate "2021.10.06"]
[SourceQuality "1"]

1. d4 d5 2. c4 e6 3. cxd5 exd5 4. Nf3 Bf5 5. e3 Nd7 6. Be2 Ngf6 7. O-O Bd6 8. Nc3 c6 9. a3 O-O 10. b4 a6 11. Bb2 Re8 12. Na4 Qc7 13. Nc5 Re7 14. Qd2 Rae8 15. Rac1 Ng4 16. g3 Ngf6 17. Rc3 Bxc5 18. bxc5 Ne4 19. Qc1 Nxc3 20. Qxc3 Nf6 21. Ne5 Nd7 22. Nf3 Qc8 23. Rd1 Nf8 24. Ne5 f6 25. Nf3 Ne6 26. Nh4 Bh3 27. g4 g6 28. f3 Nf4 29. exf4 Rxe2 30. Qd3 R8e3 31. Qb1 Qe8 32. Bc3 Rxc3 33. a4 Qe3+ 34. Kh1 Qf2 35. Qxb7 Qxh2# 0-1

[Event "Juste pour jouer"]
[Site "Montreal CAN"]
[Date "2012.10.08"]
[Round "6"]
[White "Utepova, Alika"]
[Black "Saine, Zachary"]
[Result "1-0"]
[WhiteElo "1351"]
[BlackElo "1459"]
[PlyCount "137"]
[GameId "2160767909444939"]
[EventDate "2012.10.05"]
[EventType "swiss"]
[EventRounds "7"]
[EventCountry "CAN"]
[SourceTitle "EXT 2022"]
[Source "ChessBase"]
[SourceDate "2021.10.06"]
[SourceVersion "1"]
[SourceVersionDate "2021.10.06"]
[SourceQuality "1"]

1. e4 e5 2. Nf3 Nc6 3. d4 exd4 4. Nxd4 Bc5 5. Nxc6 Qf6 6. Qe2 Qxc6 7. Nc3 Ne7 8. Be3 Ba3 9. Rb1 Bxb2 10. Nd1 Bc3+ 11. Nxc3 Qxc3+ 12. Qd2 Qxd2+ 13. Bxd2 Nc6 14. Bc4 O-O 15. Bd5 Re8 16. f3 d6 17. Kf2 Nd8 18. Bf4 Ne6 19. Be3 c6 20. Bc4 b5 21. Bb3 Nc5 22. Bxc5 dxc5 23. c4 Ba6 24. Rhd1 Rad8 25. f4 g6 26. e5 Rd4 27. Kf3 Red8 28. cxb5 cxb5 29. Ke3 Rxd1 30. Bxd1 b4 31. Bc2 Bc4 32. Rb2 a5 33. g4 Bd5 34. Ba4 c4 35. Rd2 c3 36. Rd3 Rc8 37. Rxd5 c2 38. Bxc2 Rxc2 39. Rxa5 Rxh2 40. Ra4 b3 41. axb3 Rh3+ 42. Ke4 Rxb3 43. g5 Rh3 44. Kd5 Rd3+ 45. Rd4 Rxd4+ 46. Kxd4 Kf8 47. Ke4 Ke7 48. f5 Kd7 49. f6 Ke6 50. Kd4 Kf5 51. Kd5 Kxg5 52. Kd6 h5 53. e6 Kxf6 54. e7 Kg5 55. e8=Q f5 56. Qe3+ f4 57. Qg1+ Kf5 58. Kd5 g5 59. Qb1+ Kg4 60. Qg1+ Kf5 61. Qh2 Kg4 62. Qg2+ Kh4 63. Qf2+ Kh3 64. Qf3+ Kh4 65. Ke4 g4 66. Qxf4 Kh3 67. Ke3 Kg2 68. Qg5 g3 69. Qxh5 1-0

[Event "Juste pour jouer"]
[Site "Montreal CAN"]
[Date "2012.10.08"]
[Round "6"]
[White "Yip, Mattew"]
[Black "Perna-Fraser, David"]
[Result "0-1"]
[WhiteElo "1250"]
[BlackElo "1887"]
[PlyCount "114"]
[GameId "2160767909444940"]
[EventDate "2012.10.05"]
[EventType "swiss"]
[EventRounds "7"]
[EventCountry "CAN"]
[SourceTitle "EXT 2022"]
[Source "ChessBase"]
[SourceDate "2021.10.06"]
[SourceVersion "1"]
[SourceVersionDate "2021.10.06"]
[SourceQuality "1"]

1. d4 Nf6 2. c4 e6 3. Nc3 d5 4. Nf3 c6 5. Bg5 Be7 6. Qc2 O-O 7. e3 Nbd7 8. Bd3 Qc7 9. O-O dxc4 10. Bxc4 e5 11. Bxf6 Bxf6 12. d5 Nb6 13. dxc6 Nxc4 14. Nd5 Qxc6 15. Nxf6+ gxf6 16. Rac1 Be6 17. Nd2 Nxd2 18. Qxd2 Qd5 19. Qxd5 Bxd5 20. b3 Rac8 21. Rcd1 Be6 22. Rd2 Rfd8 23. Re2 Rc6 24. h3 Rcd6 25. Rc1 Rd1+ 26. Rxd1 Rxd1+ 27. Kh2 a5 28. Rb2 b5 29. Kg3 b4 30. e4 Rd3+ 31. f3 f5 32. Kf2 fxe4 33. fxe4 Kg7 34. Ke2 Rd4 35. Ke3 Bc8 36. Rc2 Bb7 37. Rc4 Rxc4 38. bxc4 a4 39. Kd3 b3 40. axb3 axb3 41. Kc3 Bxe4 42. g3 f5 43. Kxb3 Bc6 44. Kb4 e4 45. Kc3 Kf6 46. Kd4 h5 47. Ke3 Ke5 48. h4 Bb7 49. c5 Bc6 50. Kd2 Kd4 51. Ke2 e3 52. Kd1 Ke4 53. g4 fxg4 54. Ke1 g3 55. Kf1 Bb5+ 56. Kg2 e2 57. Kxg3 e1=Q+ 0-1

[Event "Juste pour jouer"]
[Site "Montreal CAN"]
[Date "2012.10.08"]
[Round "6.17"]
[White "Turcotte, Jonathan"]
[Black "Morin, Louis"]
[Result "1/2-1/2"]
[WhiteElo "1907"]
[BlackElo "1855"]
[PlyCount "136"]
[GameId "2160767909444941"]
[EventDate "2012.10.05"]
[EventType "swiss"]
[EventRounds "7"]
[EventCountry "CAN"]
[SourceTitle "EXT 2022"]
[Source "ChessBase"]
[SourceDate "2021.10.06"]
[SourceVersion "1"]
[SourceVersionDate "2021.10.06"]
[SourceQuality "1"]

1. d4 e5 2. dxe5 Nc6 3. Nf3 Qe7 4. Bg5 Qc5 5. Be3 Qb5 6. Nc3 Qxb2 7. Bd2 Bb4 8. Rb1 Qa3 9. Rb3 Qa5 10. a3 Bxc3 11. Bxc3 Qc5 12. e3 a6 13. Bd3 Nge7 14. O-O Ng6 15. Be4 Qe7 16. Qd5 O-O 17. Qc4 Re8 18. Rd1 b5 19. Qd3 Bb7 20. Qd2 Rad8 21. Bb4 Qe6 22. Bd5 Qg4 23. h3 Qh5 24. Bc3 Nge7 25. e4 Nxd5 26. exd5 Ne7 27. Ba5 Nxd5 28. Rd3 Nb6 29. Bxb6 Bxf3 30. Bxc7 Bxd1 31. Bxd8 Rxd8 32. Qxd1 Qxd1+ 33. Rxd1 d5 34. exd6 f6 35. f4 Kf7 36. f5 Ke8 37. Re1+ Kd7 38. Re7+ Kxd6 39. Rxg7 Ke5 40. Rxh7 Kxf5 41. Rc7 Rd2 42. Rc6 Kg6 43. Kh2 a5 44. Kg3 b4 45. axb4 axb4 46. Rb6 Rxc2 47. Rxb4 Rc3+ 48. Kh4 f5 49. Rb6+ Kg7 50. g3 Ra3 51. Re6 Rb3 52. Ra6 Rc3 53. Ra7+ Kg6 54. Ra6+ Kg7 55. g4 fxg4 56. hxg4 Rc8 57. Kh5 Rc5+ 58. g5 Rc8 59. Ra7+ Kg8 60. Kh6 Rc6+ 61. g6 Rc8 62. Rg7+ Kh8 63. Rh7+ Kg8 64. Rg7+ Kh8 65. Ra7 Kg8 66. Ra6 Rb8 67. g7 Rc8 68. Kg6 Rc6+ 1/2-1/2

[Event "Juste pour jouer"]
[Site "Montreal CAN"]
[Date "2012.10.08"]
[Round "6.18"]
[White "Lalumiere, Claude"]
[Black "Lalonde, Paul"]
[Result "1-0"]
[WhiteElo "1788"]
[BlackElo "1888"]
[PlyCount "113"]
[GameId "2160767909444942"]
[EventDate "2012.10.05"]
[EventType "swiss"]
[EventRounds "7"]
[EventCountry "CAN"]
[SourceTitle "EXT 2022"]
[Source "ChessBase"]
[SourceDate "2021.10.06"]
[SourceVersion "1"]
[SourceVersionDate "2021.10.06"]
[SourceQuality "1"]

1. e4 e5 2. f4 Bc5 3. Nf3 d6 4. d4 exd4 5. Bd3 Nf6 6. h3 Nc6 7. a3 O-O 8. O-O a5 9. Nbd2 Re8 10. Nh2 d5 11. e5 Ne4 12. Nxe4 dxe4 13. Bxe4 d3+ 14. Kh1 dxc2 15. Qxc2 Bb6 16. Bxh7+ Kh8 17. Be4 Nd4 18. Qd1 Qh4 19. Nf3 Nxf3 20. Qxf3 c6 21. Bd2 Be6 22. Be1 Qh6 23. Bc3 Rad8 24. Rad1 Bc4 25. Rfe1 a4 26. Bb4 Bb3 27. Rxd8 Rxd8 28. Be7 Rd4 29. Bg5 Rxe4 30. Qxe4 Qh5 31. Kh2 Bf2 32. Qe2 Qxe2 33. Rxe2 Bd4 34. f5 Kg8 35. e6 fxe6 36. fxe6 Kf8 37. e7+ Ke8 38. g3 Bd5 39. Bf4 Bf3 40. Rd2 Bf6 41. Rf2 Bd5 42. Bd6 Kd7 43. Re2 Bf7 44. Bc5 b6 45. Rd2+ Bd5 46. Bxb6 Kxe7 47. Bd4 Bg5 48. Rf2 g6 49. h4 Bh6 50. g4 Bc1 51. Be3 Bxe3 52. Re2 Kf6 53. Rxe3 Bb3 54. Kg3 Bd5 55. Kf4 Bg2 56. Re5 Bf1 57. Rc5 1-0

[Event "Juste pour jouer"]
[Site "Montreal CAN"]
[Date "2012.10.08"]
[Round "6.20"]
[White "Alcantara, Maximo"]
[Black "Heredia, Jose"]
[Result "0-1"]
[WhiteElo "1866"]
[BlackElo "1508"]
[PlyCount "132"]
[GameId "2160767909444944"]
[EventDate "2012.10.05"]
[EventType "swiss"]
[EventRounds "7"]
[EventCountry "CAN"]

1. e4 c6 2. d4 d5 3. Nc3 dxe4 4. Nxe4 Nd7 5. c4 Ngf6 6. Ng3 e6 7. Nf3 c5 8. a3 b6 9. Be2 Bb7 10. Be3 Qc7 11. O-O Rd8 12. Qa4 Be7 13. b4 cxb4 14. axb4 O-O 15. c5 bxc5 16. dxc5 Nd5 17. Bd4 Bf6 18. Rac1 Bxd4 19. Nxd4 N7f6 20. c6 Bc8 21. Nb5 Qb6 22. Nxa7 Qxb4 23. Qxb4 Nxb4 24. Rb1 Nbd5 25. Rfc1 Nc7 26. Nb5 Nfd5 27. Nxc7 Nxc7 28. Ne4 Ba6 29. Bxa6 Nxa6 30. g3 Rd4 31. Rb6 Nc7 32. Rb7 Rc8 33. Nc5 Rdd8 34. Nd7 Nd5 35. Ne5 Rf8 36. c7 f6 37. Nd7 Rfe8 38. Rb8 Kf7 39. Rb7 Re7 40. Nb6 Nxb6 41. Rxb6 Rexc7 42. Rxc7+ Rxc7 43. Kg2 h5 44. h3 g5 45. g4 h4 46. Rb5 Rd7 47. Rb4 Kg6 48. Rb6 Re7 49. Kf3 f5 50. Rc6 Kf6 51. Rc8 Rd7 52. Rf8+ Rf7 53. Re8 e5 54. Rb8 fxg4+ 55. Kxg4 Ke6 56. Rb6+ Kd5 57. Rb5+ Kd4 58. Rb4+ Kd3 59. f3 Rf4+ 60. Rxf4 gxf4 61. Kxh4 e4 62. fxe4 Kxe4 63. Kg5 f3 64. h4 f2 65. h5 f1=Q 66. h6 Qf7 0-1

[Event "Juste pour jouer"]
[Site "Montreal CAN"]
[Date "2012.10.08"]
[Round "7"]
[White "Bond, Yvon"]
[Black "Rodrigue-Lemieux, Shawn"]
[Result "1-0"]
[WhiteElo "1428"]
[BlackElo "1138"]
[PlyCount "74"]
[GameId "2160767909444945"]
[EventDate "2012.10.05"]
[EventType "swiss"]
[EventRounds "7"]
[EventCountry "CAN"]
[SourceTitle "EXT 2022"]
[Source "ChessBase"]
[SourceDate "2021.10.06"]
[SourceVersion "1"]
[SourceVersionDate "2021.10.06"]
[SourceQuality "1"]

1. d4 d5 2. Nf3 e6 3. e3 c5 4. c3 Nc6 5. Nbd2 Nf6 6. g3 Be7 7. Bg2 O-O 8. O-O Ne4 9. Qc2 f5 10. Ne5 Rf6 11. f3 Nd6 12. Nb3 cxd4 13. cxd4 Nb4 14. Qe2 b6 15. a3 Ba6 16. Qd2 Bxf1 17. Bxf1 Nc4 18. Nxc4 dxc4 19. Bxc4 Nd5 20. e4 fxe4 21. fxe4 Nc7 22. Qe2 a5 23. Bf4 a4 24. Bxc7 Qxc7 25. Rc1 Qd8 26. e5 Rh6 27. Qg4 axb3 28. Bxe6+ Kh8 29. Rf1 Rg6 30. Qe4 Rxe6 31. d5 Bc5+ 32. Kg2 Re8 33. Rf4 b5 34. Rh4 h6 35. Rh5 Ra4 36. Qg6 Qxd5+ 37. Kh3 Qe6+ 1-0

[Event "Juste pour jouer"]
[Site "Montreal CAN"]
[Date "2012.10.08"]
[Round "7"]
[White "Brule, Daniel"]
[Black "Montreuil, Carl"]
[Result "1-0"]
[WhiteElo "1538"]
[BlackElo "1211"]
[PlyCount "79"]
[GameId "2160767909444946"]
[EventDate "2012.10.05"]
[EventType "swiss"]
[EventRounds "7"]
[EventCountry "CAN"]
[SourceTitle "EXT 2022"]
[Source "ChessBase"]
[SourceDate "2021.10.06"]
[SourceVersion "1"]
[SourceVersionDate "2021.10.06"]
[SourceQuality "1"]

1. d4 Nf6 2. c4 c5 3. d5 b5 4. cxb5 a6 5. bxa6 Bxa6 6. Nc3 d6 7. Nf3 g6 8. b3 Bg7 9. Bb2 Nbd7 10. Qc2 O-O 11. e4 Bxf1 12. Kxf1 Qa5 13. Nd2 Qa6+ 14. Ne2 Rab8 15. f3 Ne5 16. Bxe5 dxe5 17. Kf2 c4 18. bxc4 Bh6 19. Nb3 Nd7 20. c5 Qa7 21. Kg3 Nf6 22. h3 Qc7 23. Kh2 Be3 24. c6 e6 25. Rhd1 exd5 26. exd5 Qd6 27. Kh1 Bb6 28. Ng3 Bc7 29. Ne4 Nxe4 30. fxe4 f5 31. Nc5 fxe4 32. Nxe4 Qa3 33. d6 Rf3 34. dxc7 Rb2 35. c8=Q+ Kg7 36. Qc7+ Kh6 37. Rd7 g5 38. Rxh7+ Kg6 39. Qg7+ Kf5 40. Qf6# 1-0

[Event "Juste pour jouer"]
[Site "Montreal CAN"]
[Date "2012.10.08"]
[Round "7"]
[White "Labadie, Bernard"]
[Black "Tinica, Gabriel"]
[Result "1-0"]
[WhiteElo "1290"]
[BlackElo "958"]
[PlyCount "117"]
[GameId "2160767909444947"]
[EventDate "2012.10.05"]
[EventType "swiss"]
[EventRounds "7"]
[EventCountry "CAN"]
[SourceTitle "EXT 2022"]
[Source "ChessBase"]
[SourceDate "2021.10.06"]
[SourceVersion "1"]
[SourceVersionDate "2021.10.06"]
[SourceQuality "1"]

1. d4 Nf6 2. Nf3 g6 3. Nbd2 Bg7 4. e4 d6 5. c3 O-O 6. Bc4 Nc6 7. h3 e5 8. d5 Ne7 9. Bd3 Nd7 10. g4 Nc5 11. Bc2 c6 12. c4 Bd7 13. Nh4 Nc8 14. Ndf3 Nb6 15. b3 Bf6 16. Ng2 Bg7 17. Bg5 f6 18. Bh4 g5 19. Bg3 a5 20. Qe2 a4 21. b4 Na6 22. Rb1 Qc7 23. Ne3 c5 24. a3 cxb4 25. axb4 Rac8 26. Bd3 Kh8 27. Nd2 Rf7 28. O-O Bf8 29. Kg2 Be7 30. Rfc1 Kg7 31. Nf5+ Kg6 32. h4 h6 33. Nxe7+ Rxe7 34. f3 gxh4 35. Bxh4 Rg8 36. c5 dxc5 37. bxc5 Nxc5 38. Bf2 Nxd3 39. Rxc7 Nf4+ 40. Kf1 Nxe2 41. Kxe2 Bb5+ 42. Rxb5 Rxc7 43. Bxb6 Rd7 44. Ra5 Rd6 45. Bc7 Rd7 46. d6 h5 47. gxh5+ Kxh5 48. Rxa4 Rg2+ 49. Ke3 Kg5 50. Rb4 f5 51. exf5 Kxf5 52. Rxb7 Rg3 53. Rb8 Ke6 54. Ne4 Rh3 55. Nc5+ Kf5 56. Nxd7 e4 57. Rf8+ Ke6 58. Nc5+ Ke5 59. d7+ 1-0

[Event "Juste pour jouer"]
[Site "Montreal CAN"]
[Date "2012.10.08"]
[Round "7"]
[White "Lemieux, Serge"]
[Black "Alcantara, Maximo"]
[Result "0-1"]
[WhiteElo "1589"]
[BlackElo "1866"]
[PlyCount "72"]
[GameId "2160767909444948"]
[EventDate "2012.10.05"]
[EventType "swiss"]
[EventRounds "7"]
[EventCountry "CAN"]

1. d4 Nf6 2. Bg5 c5 3. d5 d6 4. Nc3 Bf5 5. f3 h6 6. Bd2 a6 7. e4 Bd7 8. a4 e6 9. Bd3 Be7 10. Nge2 O-O 11. O-O Qc7 12. Bc4 e5 13. a5 Be8 14. Ng3 Nh7 15. Nf5 Bf6 16. Na4 Nd7 17. h4 b5 18. axb6 Nxb6 19. Ba5 Bxa4 20. Bxb6 Qxb6 21. Rxa4 g6 22. Nxh6+ Kg7 23. Ng4 Bxh4 24. Qd2 Bg5 25. f4 exf4 26. Rxf4 Qxb2 27. Bf1 f5 28. exf5 Rxf5 29. Qf2 Bxf4 30. Rxf4 Rxf4 31. Qxf4 Qd4+ 32. Qxd4+ cxd4 33. Bc4 a5 34. Nf2 Nf6 35. Nd3 a4 36. Nc1 Rc8 0-1

[Event "Juste pour jouer"]
[Site "Montreal CAN"]
[Date "2012.10.08"]
[Round "7"]
[White "Perna, Valentino"]
[Black "Poulin, Marc"]
[Result "1-0"]
[WhiteElo "1122"]
[BlackElo "1117"]
[PlyCount "93"]
[GameId "2160767909444949"]
[EventDate "2012.10.05"]
[EventType "swiss"]
[EventRounds "7"]
[EventCountry "CAN"]
[SourceTitle "EXT 2022"]
[Source "ChessBase"]
[SourceDate "2021.10.06"]
[SourceVersion "1"]
[SourceVersionDate "2021.10.06"]
[SourceQuality "1"]

1. f4 d5 2. Nf3 Nf6 3. e3 Bg4 4. Be2 e6 5. O-O Nc6 6. d3 Bc5 7. d4 Be7 8. Ne5 Bxe2 9. Qxe2 Nxe5 10. fxe5 Ne4 11. Qb5+ Qd7 12. Qxd7+ Kxd7 13. Rxf7 g6 14. Nd2 Raf8 15. Rxf8 Rxf8 16. Nxe4 dxe4 17. g3 h5 18. c3 h4 19. g4 h3 20. Bd2 Rh8 21. Rf1 g5 22. Rf7 Rh4 23. Kh1 Rxg4 24. c4 Ke8 25. Rh7 Rg2 26. Bc3 g4 27. a3 Rc2 28. Kg1 Bg5 29. Rg7 Bxe3+ 30. Kf1 Rf2+ 31. Ke1 Rg2 32. d5 Bc5 33. Rxc7 Bf2+ 34. Kf1 Rxh2 35. Bb4 Bh4 36. dxe6 Rf2+ 37. Kg1 h2+ 38. Kh1 Rf1+ 39. Kxh2 g3+ 40. Kh3 Rf4 41. Rc8+ Bd8 42. e7 g2 43. Kxg2 Rg4+ 44. Kf1 Rf4+ 45. Ke2 Rg4 46. exd8=Q+ Kf7 47. Qe7+ 1-0

[Event "Juste pour jouer"]
[Site "Montreal CAN"]
[Date "2012.10.08"]
[Round "7"]
[White "Perna-Fraser, David"]
[Black "Kay, Sang Kill"]
[Result "1/2-1/2"]
[WhiteElo "1887"]
[BlackElo "1567"]
[PlyCount "100"]
[GameId "2160767909444950"]
[EventDate "2012.10.05"]
[EventType "swiss"]
[EventRounds "7"]
[EventCountry "CAN"]
[SourceTitle "EXT 2022"]
[Source "ChessBase"]
[SourceDate "2021.10.06"]
[SourceVersion "1"]
[SourceVersionDate "2021.10.06"]
[SourceQuality "1"]

1. f4 e6 2. Nf3 d5 3. e3 Nf6 4. Be2 Nbd7 5. O-O Bd6 6. b3 a6 7. Bb2 c5 8. Qe1 O-O 9. Kh1 Qc7 10. d3 b5 11. Nbd2 Ng4 12. Qg3 Ndf6 13. h3 Nxe3 14. Bxf6 g6 15. Ne5 d4 16. Qh4 Nf5 17. Qf2 Be7 18. Bxe7 Qxe7 19. Bf3 Bb7 20. Bxb7 Qxb7 21. Ne4 Kg7 22. Nxc5 Qc7 23. b4 Rfe8 24. a3 h5 25. Rfe1 Qd6 26. Qf3 Ra7 27. Qc6 Qe7 28. Nf3 Rd8 29. Rxe6 fxe6 30. Nxe6+ Kh6 31. Nxd8 Qxd8 32. Ne5 Qd6 33. Qxd6 Nxd6 34. Nc6 Rf7 35. Nxd4 Rxf4 36. Nf3 Rf8 37. Re1 Nf5 38. c4 Rd8 39. Ne5 Kg7 40. Kg1 Re8 41. Nf3 Rd8 42. Ne5 Re8 43. Kf2 Nd4 44. Nf3 Rf8 45. Re7+ Kh6 46. Ra7 Rf6 47. Ke3 Nc2+ 48. Kd2 Nxa3 49. Kc3 bxc4 50. dxc4 Rc6 1/2-1/2